| 000 | 00709nam a2200241 a 4500 | ||
|---|---|---|---|
| 005 | 20210219153447.0 | ||
| 008 | 991125n 000 0 eng u | ||
| 035 | _aUPN01000101116 | ||
| 100 | _aEntwistle, N. J. | ||
| 222 | _aHIGHER EDUCATION | ||
| 245 | _aStudent failure : disintegrated patterns of study strategies and perceptions of the learning environment | ||
| 300 | _a249-262 | ||
| 362 | _a1991 21, no. 2 | ||
| 653 | 0 | _aACTITUDES DEL ESTUDIANTE | |
| 653 | 0 | _aACTITUDES EDUCATIVAS | |
| 653 | 0 | _aFRACASO ACADEMICO | |
| 653 | 0 | _aHABILIDADES DE ESTUDIO | |
| 653 | 0 | _aHABITOS DE ESTUDIO | |
| 700 | _aMeyer, J. H. F. | ||
| 700 | _aTait, Hilary | ||
| 904 |
_aAC _b038927 |
||
| 905 | _aArticulo | ||
| 999 |
_c77452 _d77452 |
||